| 000 | 00793nam a2200229 a 4500 | ||
|---|---|---|---|
| 001 | 000035007 | ||
| 005 | 20200930074037.0 | ||
| 008 | 111024s1955 es 000 0 spa d | ||
| 040 |
_aDO-SdBNP _bspa _cBNPHU |
||
| 100 | 1 |
_aBochenski, I M. _952319 |
|
| 245 | 1 | 3 |
_aLa filosofía actual / _cI. M. Bochenski ; traducción de Eugenio Imaz. |
| 250 | _a3a ed. | ||
| 260 |
_aMéxico : _bFondo de Cultura Económica, _c1955. |
||
| 300 |
_a357 p. ; _c18 cm. |
||
| 490 | 1 |
_aBreviarios del Fondo de Cultura Económica _v16 |
|
| 500 | _aIncluye índice | ||
| 504 | _aBibliografía: p. 291 - 325 | ||
| 590 | _aPerteneció a la biblioteca personal de Juan Isidro Jimenes Grullón | ||
| 700 | 1 |
_aEugenio, Imaz _960624 |
|
| 830 | 0 |
_aBreviarios del Fondo de Cultura Económica _v16 _925786 |
|
| 049 | _aBNPD | ||
| 999 |
_c34498 _d34498 |
||